000 01549cam a22003254a 4500
005 20080820115011.0
008 080216s2008 ii b 001 0 eng
010 _aENG-92052
020 _a9788185002866
_c560.00
035 _aEN-75585
037 _bDBAD / PUB
040 _adpl
_bEnglish
082 _a304.6308827
100 _aHussain, Sabiha.
245 _aExposing the myths of Muslim fertility :
_bgender and religion in a resettlement colony of Delhi /
_cby Sabiha Hussain.
260 _aNew Delhi
_bPromilla & Co. Publishers in association with Bibliophile South Asia,
_c2008
270 _aC-127, Sarvodaya Enclave
_bNew Delhi
_e110017
300 _a280 p.
_c22 cm (Hb)
500 _a"Centre for Women's Development Studies."
500 _aIncludes bibliographical references and index.
520 _aOn the religious beliefs influencing the issue of birth control among Muslims and Hindus of Seelampur in Delhi; a study.
650 _aBirth control
_xReligious aspects
_xIslam.
650 _aBirth control
_xReligious aspects
_xHinduism.
650 _aMuslims
_zIndia
_zDelhi
_xSocial conditions.
650 _aHindus
_zIndia
_zDelhi
_xSocial conditions.
651 _aSeelampur (Delhi, India)
_xSocial conditions.
710 _aCentre for Women's Development Studies (New Delhi, India)
942 _2ddc
_cEN
_mHUS
_h304.6308827
999 _c19568
_d19568